History of political theory. 2V (Record no. 61936)

MARC details
000 -LEADER
fixed length control field 00384nam a2200157Ia 4500
008 - FIXED-LENGTH DATA ELEMENTS--GENERAL INFORMATION
fixed length control field 230917s9999||||xx |||||||||||||| ||und||
020 ## - ISBN
Price RS1000
040 ## - CATALOGING SOURCE
-- 25372
Original cataloging agency VIVEKANANDA LIBRARY
041 ## - Language
-- English
082 ## - DDC NUMBER
Classification number 320.509 M725H
100 ## - MAIN ENTRY--PERSONAL NAME
Personal name Mogi, Sobei
245 #0 - TITLE STATEMENT
Title History of political theory. 2V
260 ## - PUBLICATION, DISTRIBUTION, ETC. (IMPRINT)
Place of publication, distribution, etc New Delhi
Name of publisher, distributor, etc Anmol Publications
Date of publication, distribution, etc 1988
300 ## - PHYSICAL DESCRIPTION
Pages 1144 p.
942 ## - ADDED ENTRY ELEMENTS (KOHA)
Koha item type Books
Holdings
Withdrawn status Lost status Damaged status Not for loan Location (home branch) Sublocation or collection (holding branch) Date acquired Koha issues (times borrowed) Koha full call number Accession No. Koha date last seen Koha item type
        VIVEKANANDA LIBRARY VIVEKANANDA LIBRARY 29/08/2002   320.509 M725H 133302 17/09/2023 Books
© Designed and Maintained by Vivekananda Library, MDU Rohtak